| 000 | 00423pab a2200145 454500 | ||
|---|---|---|---|
| 008 | 180718b1987 xxu||||| |||| 00| 0 eng d | ||
| 100 | _aBandyopadhyay. Jayanta | ||
| 245 |
_aPolitical ecology of drought and water scarcity _bNeed for an ecological water resources policy |
||
| 260 | _c1987 | ||
| 300 | _a2159-69 | ||
| 362 | _a12 Dec. | ||
| 650 | _aDrought - India | ||
| 773 | _aEconomic and Political Weekly | ||
| 909 | _a7420 | ||
| 999 |
_c7420 _d7420 |
||